[Event "SLO-chT Central 1st League 20th"]
[Site "Slovenia"]
[Date "2019.10.17"]
[Round "6.1"]
[White "Justin, Matjaz"]
[Black "Hribar, Franc"]
[Result "1-0"]
[WhiteElo "2267"]
[BlackElo "1406"]
[PlyCount "121"]
[EventDate "2019.09.12"]
[EventType "team-tourn"]
[EventRounds "9"]
[EventCountry "SLO"]
[SourceTitle "EXT 2024"]
[Source "ChessBase"]
[SourceDate "2023.10.10"]
[SourceVersion "1"]
[SourceVersionDate "2023.10.10"]
[SourceQuality "1"]
[WhiteTeam "Vrhnika"]
[BlackTeam "Menges Trzin III"]
[WhiteTeamCountry "SLO"]
[BlackTeamCountry "SLO"]

1. e4 e5 2. Nf3 Nc6 3. Bb5 Nge7 4. 0-0 g6 5. c3 Bg7 6. d4 0-0 7. d5 Nb8 8. d6 cxd6 9. c4 Nbc6 10. Nc3 a6 11. Ba4 Qc7 12. Be3 f5 13. Rc1 f4 14. Bd2 Nd8 15. Qb3 Kh8 16. Nd5 Nxd5 17. cxd5 Qb8 18. Qb6 Nf7 19. Ba5 Bf6 20. Rc7 Bd8 21. Rfc1 Bxc7 22. Rxc7 Rd8 23. Bd1 h6 24. a4 Rf8 25. Be2 Rd8 26. h4 Rf8 27. b3 Qa7 28. Qxa7 Rxa7 29. Bb6 Ra8 30. a5 Kg7 31. Nd2 h5 32. Rc3 Kh6 33. Rc1 Rg8 34. Kh2 g5 35. hxg5+ Rxg5 36. Nf3 Rg8 37. Rh1 Ng5 38. Nxg5 Rxg5 39. Kg1 Kg6 40. Rh4 Kg7 41. Rxh5 Rxh5 42. Bxh5 Kh6 43. Be8 Kg5 44. Kh2 Kg4 45. Bg6 Kg5 46. Bf5 Kh4 47. g3+ Kh5 48. Kh3 fxg3 49. fxg3 Kh6 50. Kh4 Rb8 51. g4 Ra8 52. g5+ Kg7 53. Kh5 Rb8 54. g6 Ra8 55. Kg5 Rb8 56. Bc7 Ra8 57. Bxd6 b6 58. axb6 Bb7 59. Bxe5+ Kg8 60. Bxd7 Rd8 61. Be6+ 1-0

[Event "Ljubljana-chT 72nd 1st League"]
[Site "Ljubljana"]
[Date "2019.03.28"]
[Round "8.1"]
[White "Cimperman, Teo"]
[Black "Justin, Matjaz"]
[Result "0-1"]
[WhiteElo "1296"]
[BlackElo "2261"]
[PlyCount "84"]
[EventDate "2019.01.10"]
[EventType "team-tourn"]
[EventRounds "9"]
[EventCountry "SLO"]
[SourceTitle "EXT 2024"]
[Source "ChessBase"]
[SourceDate "2023.10.10"]
[SourceVersion "1"]
[SourceVersionDate "2023.10.10"]
[SourceQuality "1"]
[WhiteTeam "Komenda Pogi"]
[BlackTeam "Vrhnika"]
[WhiteTeamCountry "SLO"]
[BlackTeamCountry "SLO"]

1. e4 c5 2. Nf3 e6 3. d4 cxd4 4. Nxd4 a6 5. Nc3 d6 6. Bc4 b5 7. Bb3 Nf6 8. f3 Nbd7 9. Be3 Nc5 10. 0-0 Bb7 11. Qd2 Be7 12. Rfe1 0-0 13. Rad1 Qc7 14. Kh1 Rfd8 15. Bf2 g6 16. a3 Nxb3 17. cxb3 Rac8 18. Rc1 Qb8 19. Rc2 d5 20. Bg3 Qa8 21. e5 Nd7 22. b4 Qb8 23. Qf4 Bf6 24. Rce2 Rc4 25. Qe3 Bg7 26. f4 Re8 27. Rd1 Qc8 28. Rc1 f6 29. Rec2 fxe5 30. fxe5 Qb8 31. Re2 Qd8 32. Rd1 Nb8 33. Ree1 Qb6 34. Re2 Rf8 35. h3 Nc6 36. Nxe6 Qxe3 37. Rxe3 d4 38. Ree1 dxc3 39. Nxf8 c2 40. Rc1 Kxf8 41. Rf1+ Ke8 42. Bf4 Nd4 0-1

[Event "SLO-chT 28th"]
[Site "Slovenia"]
[Date "2018.11.02"]
[Round "1.3"]
[White "Justin, Matjaz"]
[Black "Diermair, Andreas"]
[Result "0-1"]
[WhiteElo "2278"]
[BlackElo "2478"]
[PlyCount "92"]
[EventDate "2018.11.02"]
[EventType "team-tourn"]
[EventRounds "9"]
[EventCountry "SLO"]
[SourceTitle "CBM 187 Extra"]
[Source "ChessBase"]
[SourceDate "2018.11.04"]
[SourceVersion "1"]
[SourceVersionDate "2018.11.04"]
[SourceQuality "1"]
[WhiteTeam "Vrhnika"]
[BlackTeam "Ljubljana"]
[WhiteTeamCountry "SLO"]
[BlackTeamCountry "SLO"]

1. e4 e5 2. Nf3 Nc6 3. Bb5 a6 4. Ba4 Nf6 5. 0-0 Be7 6. Re1 b5 7. Bb3 d6 8. c3 0-0 9. h3 Na5 10. Bc2 c5 11. d4 Nd7 12. dxe5 dxe5 13. Nbd2 Bb7 14. Nf1 Re8 15. Ne3 Nf6 16. Nd2 c4 17. b4 Nc6 18. a4 Qd7 19. Qf3 Rad8 20. axb5 axb5 21. g4 g6 22. Ndf1 Qe6 23. g5 Nh5 24. Nd5 Nf4 25. Nc7 Qxh3 26. Qxh3 Nxh3+ 27. Kg2 Nf4+ 28. Bxf4 exf4 29. Nxe8 Rxe8 30. Red1 Ne5 31. Ra7 Bc6 32. Nh2 Bxg5 33. Nf3 Nxf3 34. Kxf3 Re6 35. Ra6 Bxe4+ 36. Bxe4 Rxa6 37. Rd5 Bf6 38. Rxb5 Bxc3 39. Rb8+ Kg7 40. b5 Be5 41. Rc8 Ra3+ 42. Ke2 Ra2+ 43. Kf3 Bd4 44. Kxf4 Rxf2+ 45. Kg3 Rb2 46. Rxc4 Be5+ 0-1

[Event "SLO-chT 27th"]
[Site "Slovenia"]
[Date "2017.12.09"]
[Round "8.3"]
[White "Justin, Matjaz"]
[Black "Damljanovic, Branko"]
[Result "0-1"]
[WhiteElo "2281"]
[BlackElo "2543"]
[PlyCount "98"]
[EventDate "2017.09.29"]
[EventType "team-tourn"]
[EventRounds "9"]
[EventCountry "SLO"]
[SourceTitle "EXT 2019"]
[Source "ChessBase"]
[SourceDate "2018.10.10"]
[SourceVersion "1"]
[SourceVersionDate "2018.10.10"]
[SourceQuality "1"]
[WhiteTeam "Vrhnika"]
[BlackTeam "Maribor"]
[WhiteTeamCountry "SLO"]
[BlackTeamCountry "SLO"]

1. e4 c5 2. Nf3 d6 3. d4 cxd4 4. Nxd4 Nf6 5. Nc3 a6 6. Bg5 e6 7. f4 h6 8. Bh4 Be7 9. Qf3 Nc6 10. 0-0-0 Nxd4 11. Rxd4 Qb6 12. Rd3 Qc5 13. Be2 Bd7 14. e5 Bc6 15. Qg3 dxe5 16. fxe5 Nd7 17. Bxe7 Qxe7 18. Bf3 Qg5+ 19. Qxg5 hxg5 20. Bxc6 bxc6 21. Rg3 f6 22. exf6 gxf6 23. Ne4 Ke7 24. Rc3 Rh4 25. Re1 Rc8 26. h3 g4 27. Rg3 Ne5 28. Rb3 Rc7 29. Nc5 Kf7 30. Nxa6 Ra7 31. Nb4 gxh3 32. gxh3 c5 33. Nd3 Nxd3+ 34. Rxd3 Rxa2 35. Rd7+ Ke8 36. Rd6 Ra1+ 37. Kd2 Rxe1 38. Kxe1 Ke7 39. Rc6 Rh5 40. c4 Kd7 41. Rb6 Rxh3 42. Kf2 f5 43. Rb5 Kc6 44. Rb8 Rh7 45. Kg3 Rb7 46. Rc8+ Kd6 47. Kf4 Rxb2 48. Rd8+ Kc7 49. Re8 Re2 0-1

[Event "SLO-chT Central Superliga 17th"]
[Site "Slovenia"]
[Date "2016.11.10"]
[Round "7.1"]
[White "Krumpak, Hinko"]
[Black "Justin, Matjaz"]
[Result "0-1"]
[WhiteElo "2165"]
[BlackElo "2281"]
[PlyCount "114"]
[EventDate "2016.09.22"]
[EventType "team-tourn"]
[EventRounds "9"]
[EventCountry "SLO"]
[SourceTitle "EXT 2023"]
[Source "ChessBase"]
[SourceDate "2022.10.05"]
[SourceVersion "1"]
[SourceVersionDate "2022.10.05"]
[SourceQuality "1"]
[WhiteTeam "Visnja Gora Sticna"]
[BlackTeam "Vrhnika"]
[WhiteTeamCountry "SLO"]
[BlackTeamCountry "SLO"]

1. g3 c5 2. c4 Nf6 3. Bg2 e6 4. Nf3 d5 5. cxd5 exd5 6. d4 Nc6 7. 0-0 Be7 8. Nc3 0-0 9. dxc5 Bxc5 10. Bg5 d4 11. Ne4 Be7 12. Nxf6+ Bxf6 13. Qd2 h6 14. Bxf6 Qxf6 15. Rfd1 Rd8 16. b4 a6 17. a4 d3 18. exd3 Bg4 19. Qe3 Nd4 20. Nxd4 Bxd1 21. Rxd1 Rxd4 22. Bxb7 Ra7 23. Qe8+ Kh7 24. Be4+ g6 25. Rc1 Qe7 26. Qxe7 Rxe7 27. b5 Rxa4 28. b6 Rb4 29. Rc7 Rxc7 30. bxc7 Rb1+ 31. Kg2 Rc1 32. Bb7 Rxc7 33. Bxa6 Kg7 34. h4 Kf6 35. Kf3 Ke5 36. Ke3 Kd5 37. Bc4+ Kc5 38. Kf4 Kd4 39. Kf3 Rc6 40. Ke2 f6 41. Kf3 Rc5 42. Ke2 Re5+ 43. Kf3 Rf5+ 44. Ke2 g5 45. hxg5 fxg5 46. g4 Rf4 47. Be6 Ke5 48. Bd7 Rd4 49. Bc8 Rd8 50. Bb7 Kf4 51. f3 Rb8 52. Be4 Rb2+ 53. Kf1 Ke3 54. Kg1 Rd2 55. Kh1 Rf2 56. Kg1 Rxf3 57. Kg2 Rf4 0-1

[Event "SLO-chT"]
[Site "Slovenia"]
[Date "2016.10.14"]
[Round "1"]
[White "Justin, Matjaz"]
[Black "Urbanc, Peter"]
[Result "1-0"]
[WhiteElo "2281"]
[BlackElo "2290"]
[PlyCount "88"]
[EventDate "2016.10.14"]
[EventType "team-tourn"]
[EventRounds "9"]
[EventCountry "SLO"]
[SourceTitle "EXT 2017"]
[Source "ChessBase"]
[SourceDate "2016.10.25"]
[SourceVersion "1"]
[SourceVersionDate "2016.10.25"]
[SourceQuality "1"]
[WhiteTeam "Vrhnika"]
[BlackTeam "Krsko Triglav"]
[WhiteTeamCountry "SLO"]
[BlackTeamCountry "SLO"]

1. e4 d6 2. d4 Nf6 3. Nc3 g6 4. f4 Bg7 5. Nf3 0-0 6. Bd3 c5 7. d5 e6 8. dxe6 Bxe6 9. 0-0 c4 10. Be2 Qb6+ 11. Kh1 Ng4 12. Qe1 Ne3 13. Bxe3 Qxe3 14. Ng5 Qc5 15. Qh4 h6 16. Nxe6 fxe6 17. Qg4 Rf6 18. e5 Rf8 19. Ne4 Qd4 20. Qxg6 d5 21. Nf6+ Rxf6 22. exf6 Qxf6 23. Qxf6 Bxf6 24. Bg4 Nc6 25. Bxe6+ Kg7 26. Bxd5 Nb4 27. Bxc4 Nxc2 28. Rab1 Ne3 29. Rfc1 Rd8 30. Be2 Rd7 31. Bf3 Kg6 32. Re1 Bd4 33. Re2 Kf5 34. g3 Re7 35. Rc1 a5 36. b3 h5 37. Bxh5 Ke4 38. Rce1 b5 39. Rd2 Re6 40. Bf3+ Kxf3 41. Rxd4 Kf2 42. Rc1 b4 43. Rc2+ Kf3 44. Rc1 Re8 1-0

[Event "SLO-CupT"]
[Site "Novo Mesto"]
[Date "2015.03.28"]
[Round "3"]
[White "Skuhala, Jernej"]
[Black "Justin, Matjaz"]
[Result "1/2-1/2"]
[WhiteElo "2190"]
[BlackElo "2278"]
[PlyCount "80"]
[EventDate "2015.03.27"]
[EventType "team-swiss"]
[EventRounds "5"]
[EventCountry "SLO"]
[SourceTitle "EXT 2019"]
[Source "ChessBase"]
[SourceDate "2018.10.10"]
[SourceVersion "1"]
[SourceVersionDate "2018.10.10"]
[SourceQuality "1"]
[WhiteTeam "Radenska Pomgrad"]
[BlackTeam "Vrhnika"]
[WhiteTeamCountry "SLO"]
[BlackTeamCountry "SLO"]

1. e4 c5 2. Nf3 d6 3. d4 cxd4 4. Nxd4 Nf6 5. Nc3 a6 6. Be3 e5 7. Nb3 Be6 8. f4 Qc7 9. f5 Bc4 10. Qf3 b5 11. Bxc4 bxc4 12. Nd2 Nc6 13. Bg5 Nd4 14. Qd1 Nb5 15. Ndb1 Nd7 16. Nd5 Qc6 17. Be3 Nf6 18. a4 Nc7 19. Nxf6+ gxf6 20. Nc3 Rd8 21. Qf3 d5 22. exd5 Qb7 23. 0-0 Qxb2 24. Ne4 Nxd5 25. Rad1 Nxe3 26. Qxe3 Be7 27. Rxd8+ Bxd8 28. Nd6+ Kd7 29. Rd1 Qxc2 30. Qf3 Bb6+ 31. Kf1 Bd4 32. Nxf7 Rb8 33. Rxd4+ exd4 34. Qd5+ Ke7 35. Qd6+ Kxf7 36. Qc7+ Kg8 37. Qxb8+ Kg7 38. Qg3+ Kh6 39. Qh4+ Kg7 40. Qg3+ Kh6 1/2-1/2